000 00405cam a2200181 4500
001 D3731
008 090401t1975 xxu||||| |||| 00| 0 eng d
035 _a(Sirsi) u98154
041 _aeng
110 _aFIABCI
245 _aRoster of members 1974-75
260 _aParis
_bFIABCI
_c1975
300 _a358p. 24cm
350 _a0
520 _aAt Archives 1974/25A
942 _n0
948 _c04/03/1997
999 _c99105
_d99105